<?xml version="1.0" encoding="UTF-8"?>
<record
    xmlns:xsi="http://www.w3.org/2001/XMLSchema-instance"
    xsi:schemaLocation="http://www.loc.gov/MARC21/slim http://www.loc.gov/standards/marcxml/schema/MARC21slim.xsd"
    xmlns="http://www.loc.gov/MARC21/slim">

  <leader>00655nam a22001577a 4500</leader>
  <controlfield tag="003">OSt</controlfield>
  <controlfield tag="005">20151120161325.0</controlfield>
  <controlfield tag="008">151120b        xxu||||| |||| 00| 0 eng d</controlfield>
  <datafield tag="040" ind1=" " ind2=" ">
    <subfield code="c">RUA</subfield>
  </datafield>
  <datafield tag="082" ind1=" " ind2=" ">
    <subfield code="a">FIS PRO 1996 B164 Or.1</subfield>
  </datafield>
  <datafield tag="100" ind1=" " ind2=" ">
    <subfield code="9">3970</subfield>
    <subfield code="a">PROUM, KIM HOR.</subfield>
  </datafield>
  <datafield tag="245" ind1=" " ind2=" ">
    <subfield code="a">Study on the culture of indigenous species with emphasis on catlocarpio siamensis, &#x1780;&#x17B6;&#x179A;&#x179F;&#x17B7;&#x1780;&#x17D2;&#x179F;&#x17B6;&#x179B;&#x17BE;&#x1780;&#x17B6;&#x179A;&#x1785;&#x17B7;&#x1789;&#x17D2;&#x1785;&#x17B9;&#x1798;&#x1794;&#x17D2;&#x179A;&#x1797;&#x17C1;&#x1791;&#x178F;&#x17D2;&#x179A;&#x17B8;&#x1780;&#x17D2;&#x1793;&#x17BB;&#x1784;&#x179F;&#x17D2;&#x179A;&#x17BB;&#x1780;&#x178A;&#x17C4;&#x1799;&#x179F;&#x1784;&#x17D2;&#x1780;&#x178F;&#x17CB;&#x1792;&#x17D2;&#x1784;&#x1793;&#x17CB;&#x1791;&#x17C5;&#x179B;&#x17BE;&#x178F;&#x17D2;&#x179A;&#x17B8;&#x1782;&#x179B;&#x17CB;&#x179A;&#x17B6;&#x17C6;&#x1784;</subfield>
  </datafield>
  <datafield tag="260" ind1=" " ind2=" ">
    <subfield code="a">Phnom Penh</subfield>
    <subfield code="b">RUA</subfield>
    <subfield code="c">1996</subfield>
  </datafield>
  <datafield tag="300" ind1=" " ind2=" ">
    <subfield code="a">90p.</subfield>
    <subfield code="b">ill.</subfield>
    <subfield code="c">29cm.</subfield>
  </datafield>
  <datafield tag="942" ind1=" " ind2=" ">
    <subfield code="2">ddc</subfield>
    <subfield code="c">FIS</subfield>
  </datafield>
  <datafield tag="999" ind1=" " ind2=" ">
    <subfield code="c">3691</subfield>
    <subfield code="d">3691</subfield>
  </datafield>
  <datafield tag="952" ind1=" " ind2=" ">
    <subfield code="0">0</subfield>
    <subfield code="1">0</subfield>
    <subfield code="2">ddc</subfield>
    <subfield code="4">0</subfield>
    <subfield code="6">FIS_PRO_1996_000000000000000_B164_OR_1</subfield>
    <subfield code="7">0</subfield>
    <subfield code="9">18313</subfield>
    <subfield code="a">LBB</subfield>
    <subfield code="b">LBB</subfield>
    <subfield code="c">B164</subfield>
    <subfield code="d">2015-11-20</subfield>
    <subfield code="l">1</subfield>
    <subfield code="o">FIS PRO 1996 B164 Or.1</subfield>
    <subfield code="p">RUA011233</subfield>
    <subfield code="r">2016-09-16</subfield>
    <subfield code="s">2016-09-05</subfield>
    <subfield code="w">2015-11-20</subfield>
    <subfield code="y">FIS</subfield>
  </datafield>
  <datafield tag="952" ind1=" " ind2=" ">
    <subfield code="0">0</subfield>
    <subfield code="1">0</subfield>
    <subfield code="2">ddc</subfield>
    <subfield code="4">0</subfield>
    <subfield code="6">FIS_PRO_1996_000000000000000_B164_OR_2</subfield>
    <subfield code="7">0</subfield>
    <subfield code="9">18314</subfield>
    <subfield code="a">LBB</subfield>
    <subfield code="b">LBB</subfield>
    <subfield code="c">B164</subfield>
    <subfield code="d">2015-11-20</subfield>
    <subfield code="o">FIS PRO 1996 B164 Or.2</subfield>
    <subfield code="p">RUA025656</subfield>
    <subfield code="r">2015-11-20</subfield>
    <subfield code="w">2015-11-20</subfield>
    <subfield code="y">FIS</subfield>
  </datafield>
  <datafield tag="952" ind1=" " ind2=" ">
    <subfield code="0">0</subfield>
    <subfield code="1">0</subfield>
    <subfield code="2">ddc</subfield>
    <subfield code="4">0</subfield>
    <subfield code="6">FIS_PRO_1996_000000000000000_B164_OR_3</subfield>
    <subfield code="7">0</subfield>
    <subfield code="9">18315</subfield>
    <subfield code="a">LBB</subfield>
    <subfield code="b">LBB</subfield>
    <subfield code="c">B164</subfield>
    <subfield code="d">2015-11-20</subfield>
    <subfield code="o">FIS PRO 1996 B164 Or.3</subfield>
    <subfield code="p">RUA025865</subfield>
    <subfield code="r">2015-11-20</subfield>
    <subfield code="w">2015-11-20</subfield>
    <subfield code="y">FIS</subfield>
  </datafield>
  <datafield tag="952" ind1=" " ind2=" ">
    <subfield code="0">0</subfield>
    <subfield code="1">0</subfield>
    <subfield code="2">ddc</subfield>
    <subfield code="4">0</subfield>
    <subfield code="6">FIS_PRO_1996_000000000000000_B164_OR_4</subfield>
    <subfield code="7">0</subfield>
    <subfield code="9">18316</subfield>
    <subfield code="a">LBB</subfield>
    <subfield code="b">LBB</subfield>
    <subfield code="c">B164</subfield>
    <subfield code="d">2015-11-20</subfield>
    <subfield code="o">FIS PRO 1996 B164 Or.4</subfield>
    <subfield code="p">RUA025937</subfield>
    <subfield code="r">2015-11-20</subfield>
    <subfield code="w">2015-11-20</subfield>
    <subfield code="y">FIS</subfield>
  </datafield>
  <datafield tag="952" ind1=" " ind2=" ">
    <subfield code="0">0</subfield>
    <subfield code="1">0</subfield>
    <subfield code="2">ddc</subfield>
    <subfield code="4">0</subfield>
    <subfield code="6">FIS_PRO_1996_000000000000000_B164_OR_5</subfield>
    <subfield code="7">0</subfield>
    <subfield code="9">18317</subfield>
    <subfield code="a">LBB</subfield>
    <subfield code="b">LBB</subfield>
    <subfield code="c">B164</subfield>
    <subfield code="d">2015-11-20</subfield>
    <subfield code="o">FIS PRO 1996 B164 Or.5</subfield>
    <subfield code="p">RUA011546</subfield>
    <subfield code="r">2015-11-20</subfield>
    <subfield code="w">2015-11-20</subfield>
    <subfield code="y">FIS</subfield>
  </datafield>
  <datafield tag="952" ind1=" " ind2=" ">
    <subfield code="0">0</subfield>
    <subfield code="1">0</subfield>
    <subfield code="2">ddc</subfield>
    <subfield code="4">0</subfield>
    <subfield code="6">FIS_PRO_1996_000000000000000_B164_OR_6</subfield>
    <subfield code="7">0</subfield>
    <subfield code="9">18318</subfield>
    <subfield code="a">LBB</subfield>
    <subfield code="b">LBB</subfield>
    <subfield code="c">B164</subfield>
    <subfield code="d">2015-11-20</subfield>
    <subfield code="o">FIS PRO 1996 B164 Or.6</subfield>
    <subfield code="p">RUA025866</subfield>
    <subfield code="r">2015-11-20</subfield>
    <subfield code="w">2015-11-20</subfield>
    <subfield code="y">FIS</subfield>
  </datafield>
  <datafield tag="952" ind1=" " ind2=" ">
    <subfield code="0">0</subfield>
    <subfield code="1">0</subfield>
    <subfield code="2">ddc</subfield>
    <subfield code="4">0</subfield>
    <subfield code="6">FIS_PRO_1996_000000000000000_B164_OR_7</subfield>
    <subfield code="7">0</subfield>
    <subfield code="9">18319</subfield>
    <subfield code="a">LBB</subfield>
    <subfield code="b">LBB</subfield>
    <subfield code="c">B164</subfield>
    <subfield code="d">2015-11-20</subfield>
    <subfield code="o">FIS PRO 1996 B164 Or.7</subfield>
    <subfield code="p">RUA025728</subfield>
    <subfield code="r">2015-11-20</subfield>
    <subfield code="w">2015-11-20</subfield>
    <subfield code="y">FIS</subfield>
  </datafield>
  <datafield tag="952" ind1=" " ind2=" ">
    <subfield code="0">0</subfield>
    <subfield code="1">0</subfield>
    <subfield code="2">ddc</subfield>
    <subfield code="4">0</subfield>
    <subfield code="6">FIS_PRO_1996_000000000000000_B164_OR_8</subfield>
    <subfield code="7">0</subfield>
    <subfield code="9">18320</subfield>
    <subfield code="a">LBB</subfield>
    <subfield code="b">LBB</subfield>
    <subfield code="c">B164</subfield>
    <subfield code="d">2015-11-20</subfield>
    <subfield code="o">FIS PRO 1996 B164 Or.8</subfield>
    <subfield code="p">RUA025512</subfield>
    <subfield code="r">2015-11-20</subfield>
    <subfield code="w">2015-11-20</subfield>
    <subfield code="y">FIS</subfield>
  </datafield>
  <datafield tag="952" ind1=" " ind2=" ">
    <subfield code="0">0</subfield>
    <subfield code="1">0</subfield>
    <subfield code="2">ddc</subfield>
    <subfield code="4">0</subfield>
    <subfield code="6">FIS_PRO_1996_000000000000000_B164_OR_9</subfield>
    <subfield code="7">0</subfield>
    <subfield code="9">18321</subfield>
    <subfield code="a">LBB</subfield>
    <subfield code="b">LBB</subfield>
    <subfield code="c">B164</subfield>
    <subfield code="d">2015-11-20</subfield>
    <subfield code="o">FIS PRO 1996 B164 Or.9</subfield>
    <subfield code="p">RUA025578</subfield>
    <subfield code="r">2015-11-20</subfield>
    <subfield code="w">2015-11-20</subfield>
    <subfield code="y">FIS</subfield>
  </datafield>
</record>
